Name each London Underground line - Statistics

General Stats
  • This quiz has been taken 37 times
  • The average score is 9 of 13
Answer Stats
Colour Line % Correct
Red Central
97%
Brown Bakerloo
90%
Dark blue Piccadilly
90%
Yellow Circle
86%
Grey Jubilee
86%
Black Northern
86%
Green District
83%
Light blue Victoria
72%
Pink Hammersmith and City
69%
Purple Metropolitan
62%
Turquoise Waterloo and City
48%
Turquoise (Double line) DLR
38%
Orange Overground
34%
No matching quizzes found
Score Distribution
Percent of People with Each Score
Percentile by Number Answered
Your Score History
You have not taken this quiz